[Event "ODJM C 2025"]
[Site "Willingen GER"]
[Date "2025.06.12"]
[Round "7"]
[White "Ruddat, Merja"]
[Black "Richter, Mila"]
[Result "1-0"]
[Termination "normal"]
[Board "24"]
[WhiteElo "999"]
[BlackElo "1231"]
[WhiteClock "00:56:17"]
[BlackClock "00:25:00"]
[PlyCount "63"]
[WhiteFideId "34660577"]
[BlackFideId "533025568"]
[EventCountry "GER"]
[EventRounds "9"]
[EventType "swiss"]
[EventDate "2025.06.07"]

1. e4 {[%clk 01:30:59]} e5 {[%clk 01:30:55]} {[%emt 00:00:06]} 2. Nf3 {[%clk
01:31:25]} {[%emt 00:00:03]} Nc6 {[%clk 01:31:18]} {[%emt 00:00:09]} 3. Bc4
{[%clk 01:31:17]} {[%emt 00:00:36]} Bc5 {[%clk 01:31:39]} {[%emt 00:00:10]} 4.
Nc3 {[%clk 01:31:33]} {[%emt 00:00:13]} Nf6 {[%clk 01:32:02]} {[%emt 00:00:07]}
5. d3 {[%clk 01:31:52]} {[%emt 00:00:12]} h6 {[%clk 01:32:14]} {[%emt
00:00:17]} 6. Be3 {[%clk 01:31:47]} {[%emt 00:00:35]} Bxe3 {[%clk 01:32:28]}
{[%emt 00:00:16]} 7. fxe3 {[%clk 01:32:06]} {[%emt 00:00:11]} d6 {[%clk
01:32:51]} {[%emt 00:00:08]} 8. Qe2 {[%clk 01:31:56]} {[%emt 00:00:39]} Be6
{[%clk 01:32:54]} {[%emt 00:00:27]} 9. d4 {[%clk 01:30:13]} {[%emt 00:02:14]}
Qe7 {[%clk 01:31:32]} {[%emt 00:01:51]} 10. d5 {[%clk 01:30:04]} {[%emt
00:00:39]} Nb4 {[%clk 01:25:56]} {[%emt 00:06:07]} 11. dxe6 {[%clk 01:29:19]}
{[%emt 00:01:15]} fxe6 {[%clk 01:25:51]} {[%emt 00:00:35]} 12. a3 {[%clk
01:29:04]} {[%emt 00:00:44]} Nc6 {[%clk 01:25:56]} {[%emt 00:00:25]} 13. Nh4
{[%clk 01:26:07]} {[%emt 00:03:28]} Qf7 {[%clk 01:21:04]} {[%emt 00:05:21]} 14.
O-O-O {[%clk 01:22:02]} {[%emt 00:04:35]} O-O-O {[%clk 01:21:06]} {[%emt
00:00:29]} 15. Rhf1 {[%clk 01:21:00]} {[%emt 00:01:32]} Rhe8 {[%clk 01:19:51]}
{[%emt 00:01:44]} 16. Nf5 {[%clk 01:19:45]} {[%emt 00:01:45]} Qg6 {[%clk
01:13:49]} {[%emt 00:06:31]} 17. Ng3 {[%clk 01:18:44]} {[%emt 00:01:31]} Qg5
{[%clk 01:12:11]} {[%emt 00:02:07]} 18. Kb1 {[%clk 01:15:42]} {[%emt 00:03:34]}
Ng4 {[%clk 01:11:31]} {[%emt 00:01:09]} 19. Rh1 {[%clk 01:13:55]} {[%emt
00:02:18]} Nxe3 {[%clk 01:11:03]} {[%emt 00:00:58]} 20. Rde1 {[%clk 01:12:47]}
{[%emt 00:01:38]} Ng4 {[%clk 01:06:46]} {[%emt 00:04:47]} 21. Nf1 {[%clk
01:11:24]} {[%emt 00:01:52]} Nd4 {[%clk 01:01:18]} {[%emt 00:05:59]} 22. Qd2
{[%clk 01:09:02]} {[%emt 00:02:52]} Qe7 {[%clk 00:56:15]} {[%emt 00:05:27]} 23.
Ne2 {[%clk 01:06:44]} {[%emt 00:02:55]} Nf2 {[%clk 00:54:43]} {[%emt 00:02:02]}
24. Rg1 {[%clk 01:04:53]} {[%emt 00:02:20]} Nxe4 {[%clk 00:53:37]} {[%emt
00:01:35]} 25. Qe3 {[%clk 01:02:43]} {[%emt 00:02:40]} Nxe2 {[%clk 00:52:15]}
{[%emt 00:01:52]} 26. Rxe2 {[%clk 01:01:08]} {[%emt 00:02:06]} d5 {[%clk
00:50:01]} {[%emt 00:02:44]} 27. Qxa7 {[%clk 00:59:28]} {[%emt 00:02:10]} Kd7
{[%clk 00:31:38]} {[%emt 00:18:53]} 28. Bb5+ {[%clk 00:57:44]} {[%emt
00:02:14]} Kd6 {[%clk 00:28:42]} {[%emt 00:03:26]} 29. Qxb7 {[%clk 00:57:01]}
{[%emt 00:01:14]} Kc5 {[%clk 00:28:08]} {[%emt 00:01:03]} 30. Qc6+ {[%clk
00:56:07]} {[%emt 00:01:26]} Kd4 {[%clk 00:27:33]} {[%emt 00:01:04]} 31. c3+
{[%clk 00:56:02]} {[%emt 00:00:36]} Nxc3+ {[%clk 00:25:00]} {[%emt 00:03:02]}
32. bxc3# {[%clk 00:56:17]} {[%emt 00:00:15]} 1-0

[Event "ODJM C 2025"]
[Site "Willingen GER"]
[Date "2025.06.12"]
[Round "7"]
[White "Du, Vivian"]
[Black "Neumann, Viktoria"]
[Result "0-1"]
[Termination "normal"]
[Board "25"]
[WhiteElo "1189"]
[BlackElo "972"]
[WhiteClock "00:24:02"]
[BlackClock "00:28:47"]
[PlyCount "70"]
[WhiteFideId "533025924"]
[BlackFideId "34697292"]
[EventCountry "GER"]
[EventRounds "9"]
[EventType "swiss"]
[EventDate "2025.06.07"]

1. e4 {[%clk 01:30:57]} {[%emt 00:00:03]} d6 {[%clk 01:30:51]} {[%emt
00:00:08]} 2. d4 {[%clk 01:31:17]} {[%emt 00:00:11]} Nf6 {[%clk 01:31:04]}
{[%emt 00:00:17]} 3. Nc3 {[%clk 01:31:35]} {[%emt 00:00:12]} g6 {[%clk
01:31:20]} {[%emt 00:00:14]} 4. Be3 {[%clk 01:31:48]} {[%emt 00:00:17]} Bg7
{[%clk 01:31:37]} {[%emt 00:00:13]} 5. Qd2 {[%clk 01:31:56]} {[%emt 00:00:23]}
c6 {[%clk 01:31:53]} {[%emt 00:00:14]} 6. Nge2 {[%clk 01:28:38]} {[%emt
00:03:48]} b5 {[%clk 01:31:11]} {[%emt 00:01:12]} 7. f3 {[%clk 01:26:33]}
{[%emt 00:02:34]} Nbd7 {[%clk 01:29:10]} {[%emt 00:02:32]} 8. g4 {[%clk
01:22:40]} {[%emt 00:04:22]} Nb6 {[%clk 01:27:18]} {[%emt 00:02:23]} 9. Ng3
{[%clk 01:20:16]} {[%emt 00:02:54]} Qc7 {[%clk 01:21:07]} {[%emt 00:06:41]} 10.
Bg2 {[%clk 01:11:25]} {[%emt 00:09:20]} Nc4 {[%clk 01:16:56]} {[%emt 00:04:41]}
11. Qc1 {[%clk 01:09:16]} {[%emt 00:02:40]} Nxe3 {[%clk 01:16:08]} {[%emt
00:01:18]} 12. Qxe3 {[%clk 01:09:29]} {[%emt 00:00:16]} b4 {[%clk 01:14:05]}
{[%emt 00:02:33]} 13. Nce2 {[%clk 01:08:33]} {[%emt 00:01:26]} a5 {[%clk
01:08:08]} {[%emt 00:06:27]} 14. h4 {[%clk 01:07:37]} {[%emt 00:01:25]} Ba6
{[%clk 01:04:13]} {[%emt 00:04:26]} 15. h5 {[%clk 01:04:26]} {[%emt 00:03:41]}
d5 {[%clk 01:00:20]} {[%emt 00:04:25]} 16. e5 {[%clk 01:03:15]} {[%emt
00:01:39]} Nd7 {[%clk 00:59:41]} {[%emt 00:01:09]} 17. h6 {[%clk 01:02:10]}
{[%emt 00:01:35]} Bf8 {[%clk 00:59:16]} {[%emt 00:00:55]} 18. g5 {[%clk
01:00:57]} {[%emt 00:01:42]} c5 {[%clk 00:57:35]} {[%emt 00:02:12]} 19. f4
{[%clk 00:59:29]} {[%emt 00:01:58]} cxd4 {[%clk 00:53:39]} {[%emt 00:04:26]}
20. Nxd4 {[%clk 00:59:26]} {[%emt 00:00:33]} e6 {[%clk 00:51:58]} {[%emt
00:02:11]} 21. Qd2 {[%clk 00:52:59]} {[%emt 00:06:56]} Bc5 {[%clk 00:48:07]}
{[%emt 00:04:22]} 22. Nf3 {[%clk 00:48:04]} {[%emt 00:05:23]} Qb6 {[%clk
00:46:20]} {[%emt 00:02:12]} 23. Nf1 {[%clk 00:37:53]} {[%emt 00:10:47]} Bxf1
{[%clk 00:42:46]} {[%emt 00:04:04]} 24. Rxf1 {[%clk 00:37:35]} {[%emt
00:00:49]} Be3 {[%clk 00:41:57]} {[%emt 00:01:19]} 25. Qe2 {[%clk 00:36:50]}
{[%emt 00:01:14]} Bxf4 {[%clk 00:41:28]} {[%emt 00:01:00]} 26. a3 {[%clk
00:33:12]} {[%emt 00:04:08]} bxa3 {[%clk 00:40:46]} {[%emt 00:01:12]} 27. bxa3
{[%clk 00:32:45]} {[%emt 00:00:57]} Qb2 {[%clk 00:40:30]} {[%emt 00:00:46]} 28.
Kf2 {[%clk 00:32:20]} {[%emt 00:00:55]} Nxe5 {[%clk 00:39:46]} {[%emt
00:01:13]} 29. Rfb1 {[%clk 00:31:42]} {[%emt 00:01:09]} Qc3 {[%clk 00:39:27]}
{[%emt 00:00:49]} 30. Rb3 {[%clk 00:30:54]} {[%emt 00:01:18]} Qxa1 {[%clk
00:39:17]} {[%emt 00:00:38]} 31. Qb5+ {[%clk 00:29:20]} {[%emt 00:02:05]} Kf8
{[%clk 00:35:17]} {[%emt 00:04:30]} 32. Qc5+ {[%clk 00:28:32]} {[%emt
00:01:19]} Kg8 {[%clk 00:34:48]} {[%emt 00:00:58]} 33. Qe7 {[%clk 00:28:26]}
{[%emt 00:00:35]} Nxf3 {[%clk 00:31:43]} {[%emt 00:03:36]} 34. Rxf3 {[%clk
00:28:29]} {[%emt 00:00:28]} Qe5 {[%clk 00:30:01]} {[%emt 00:02:12]} 35. Bh3
{[%clk 00:24:02]} {[%emt 00:04:56]} Qxg5 {[%clk 00:28:47]} {[%emt 00:01:44]}
0-1

[Event "ODJM C 2025"]
[Site "Willingen GER"]
[Date "2025.06.12"]
[Round "7"]
[White "Lohmüller, Leona"]
[Black "Melekestsev, Kyrylo"]
[Result "1/2-1/2"]
[Termination "normal"]
[Board "26"]
[WhiteElo "956"]
[BlackElo "1045"]
[WhiteClock "00:47:35"]
[BlackClock "00:55:40"]
[PlyCount "42"]
[WhiteFideId "533025517"]
[BlackFideId "533015945"]
[EventCountry "GER"]
[EventRounds "9"]
[EventType "swiss"]
[EventDate "2025.06.07"]

1. e4 {[%clk 01:30:59]} {[%emt 00:00:01]} e5 {[%clk 01:30:56]} {[%emt
00:00:04]} 2. Nf3 {[%clk 01:31:23]} {[%emt 00:00:06]} Nc6 {[%clk 01:31:22]}
{[%emt 00:00:04]} 3. Bc4 {[%clk 01:30:45]} {[%emt 00:01:08]} Bc5 {[%clk
01:31:26]} {[%emt 00:00:26]} 4. Nc3 {[%clk 01:30:44]} {[%emt 00:00:31]} d6
{[%clk 01:31:09]} {[%emt 00:00:45]} 5. h3 {[%clk 01:28:40]} {[%emt 00:02:34]}
Nf6 {[%clk 01:27:46]} {[%emt 00:03:52]} 6. d3 {[%clk 01:28:37]} {[%emt
00:00:34]} Be6 {[%clk 01:26:02]} {[%emt 00:02:14]} 7. Be3 {[%clk 01:22:28]}
{[%emt 00:06:39]} Bxe3 {[%clk 01:24:35]} {[%emt 00:01:57]} 8. fxe3 {[%clk
01:19:52]} {[%emt 00:03:06]} Bxc4 {[%clk 01:24:29]} {[%emt 00:00:36]} 9. dxc4
{[%clk 01:19:40]} {[%emt 00:00:43]} O-O {[%clk 01:23:13]} {[%emt 00:01:46]} 10.
a3 {[%clk 01:08:59]} {[%emt 00:11:12]} Qd7 {[%clk 01:16:02]} {[%emt 00:07:37]}
11. Qd3 {[%clk 01:06:45]} {[%emt 00:02:47]} h6 {[%clk 01:10:48]} {[%emt
00:05:43]} 12. Nd5 {[%clk 01:05:14]} {[%emt 00:02:01]} Qd8 {[%clk 01:08:13]}
{[%emt 00:03:05]} 13. g4 {[%clk 00:54:44]} {[%emt 00:11:01]} a6 {[%clk
01:03:00]} {[%emt 00:05:37]} 14. Rf1 {[%clk 00:50:24]} {[%emt 00:04:55]} Nxd5
{[%clk 01:00:03]} {[%emt 00:03:28]} 15. cxd5 {[%clk 00:50:09]} {[%emt
00:00:45]} Ne7 {[%clk 00:59:07]} {[%emt 00:01:26]} 16. h4 {[%clk 00:48:08]}
{[%emt 00:02:30]} f6 {[%clk 00:56:31]} {[%emt 00:03:04]} 17. g5 {[%clk
00:47:22]} {[%emt 00:01:18]} fxg5 {[%clk 00:56:01]} {[%emt 00:00:59]} 18. hxg5
{[%clk 00:47:10]} {[%emt 00:00:44]} hxg5 {[%clk 00:56:17]} {[%emt 00:00:13]}
19. Nxg5 {[%clk 00:47:13]} {[%emt 00:00:28]} Rxf1+ {[%clk 00:56:10]} {[%emt
00:00:36]} 20. Qxf1 {[%clk 00:47:16]} {[%emt 00:00:28]} Qf8 {[%clk 00:55:22]}
{[%emt 00:01:14]} 21. Qxf8+ {[%clk 00:47:35]} {[%emt 00:00:15]} Rxf8 {[%clk
00:55:40]} {[%emt 00:00:12]} 1/2-1/2

[Event "ODJM C 2025"]
[Site "Willingen GER"]
[Date "2025.06.12"]
[Round "7"]
[White "Frey, Jarmo"]
[Black "Martens, Nele"]
[Result "1-0"]
[Termination "normal"]
[Board "27"]
[WhiteElo "1404"]
[BlackElo "1036"]
[WhiteClock "00:55:07"]
[BlackClock "00:19:52"]
[PlyCount "85"]
[WhiteFideId "533001324"]
[BlackFideId "533001952"]
[EventCountry "GER"]
[EventRounds "9"]
[EventType "swiss"]
[EventDate "2025.06.07"]

1. e4 {[%clk 01:30:59]} e5 {[%clk 01:30:46]} {[%emt 00:00:13]} 2. Nf3 {[%clk
01:31:24]} {[%emt 00:00:05]} Nc6 {[%clk 01:31:00]} {[%emt 00:00:17]} 3. Bc4
{[%clk 01:31:49]} {[%emt 00:00:06]} Bc5 {[%clk 01:31:00]} {[%emt 00:00:28]} 4.
d3 {[%clk 01:32:05]} {[%emt 00:00:14]} Nf6 {[%clk 01:30:41]} {[%emt 00:00:49]}
5. Bg5 {[%clk 01:32:22]} {[%emt 00:00:15]} h6 {[%clk 01:30:49]} {[%emt
00:00:20]} 6. Bh4 {[%clk 01:32:45]} {[%emt 00:00:07]} g5 {[%clk 01:30:23]}
{[%emt 00:00:56]} 7. Bg3 {[%clk 01:33:02]} {[%emt 00:00:13]} d6 {[%clk
01:30:12]} {[%emt 00:00:41]} 8. h3 {[%clk 01:33:24]} {[%emt 00:00:09]} Qe7
{[%clk 01:23:41]} {[%emt 00:07:00]} 9. Nc3 {[%clk 01:33:05]} {[%emt 00:00:49]}
Be6 {[%clk 01:22:33]} {[%emt 00:01:38]} 10. Nd5 {[%clk 01:31:42]} {[%emt
00:01:54]} Bxd5 {[%clk 01:20:55]} {[%emt 00:02:07]} 11. exd5 {[%clk 01:31:25]}
{[%emt 00:00:48]} Nb4 {[%clk 01:19:33]} {[%emt 00:01:51]} 12. Qd2 {[%clk
01:30:22]} {[%emt 00:01:32]} Nbxd5 {[%clk 01:15:41]} {[%emt 00:04:23]} 13. h4
{[%clk 01:30:07]} {[%emt 00:00:46]} g4 {[%clk 01:14:51]} {[%emt 00:01:19]} 14.
Nh2 {[%clk 01:28:39]} {[%emt 00:01:58]} e4 {[%clk 01:10:24]} {[%emt 00:04:57]}
15. O-O-O {[%clk 01:27:45]} {[%emt 00:01:26]} O-O-O {[%clk 01:08:19]} {[%emt
00:02:34]} 16. h5 {[%clk 01:27:58]} {[%emt 00:00:16]} Qd7 {[%clk 01:03:18]}
{[%emt 00:05:29]} 17. Rde1 {[%clk 01:26:06]} {[%emt 00:02:24]} exd3 {[%clk
01:02:27]} {[%emt 00:01:22]} 18. Qxd3 {[%clk 01:23:42]} {[%emt 00:02:54]} Nb6
{[%clk 00:57:00]} {[%emt 00:05:57]} 19. Bh4 {[%clk 01:23:03]} {[%emt 00:01:08]}
Nxh5 {[%clk 00:54:44]} {[%emt 00:02:46]} 20. Re7 {[%clk 01:21:47]} {[%emt
00:01:46]} Qc6 {[%clk 00:52:28]} {[%emt 00:02:47]} 21. Qf5+ {[%clk 01:19:50]}
{[%emt 00:02:25]} Kb8 {[%emt 00:04:39]} 22. Bf1 {[%clk 01:17:40]} Ng7 {[%clk
00:47:52]} {[%emt 00:03:39]} 23. Qxg4 {[%clk 01:16:39]} {[%emt 00:01:30]} Rdg8
{[%clk 00:43:18]} {[%emt 00:05:04]} 24. Rxf7 {[%clk 01:14:16]} {[%emt
00:02:53]} Rh7 {[%clk 00:38:50]} {[%emt 00:04:57]} 25. Bd3 {[%clk 01:13:34]}
{[%emt 00:01:14]} h5 {[%clk 00:37:21]} {[%emt 00:01:59]} 26. Qg5 {[%clk
01:11:41]} {[%emt 00:02:21]} Qe8 {[%clk 00:36:42]} {[%emt 00:01:10]} 27. Re7
{[%clk 01:09:24]} {[%emt 00:02:48]} Ne6 {[%clk 00:34:25]} {[%emt 00:02:46]} 28.
Rxe8+ {[%clk 01:09:30]} {[%emt 00:00:24]} Rxe8 {[%clk 00:34:37]} {[%emt
00:00:18]} 29. Qg6 {[%clk 01:09:34]} {[%emt 00:00:26]} Rhh8 {[%clk 00:31:39]}
{[%emt 00:03:28]} 30. Nf3 {[%emt 00:02:17]} Nf4 {[%clk 00:30:02]} {[%emt
00:01:49]} 31. Qf5 {[%clk 01:06:43]} {[%emt 00:01:48]} Nxg2 {[%clk 00:28:44]}
{[%emt 00:01:51]} 32. Qg5 {[%clk 01:02:07]} {[%emt 00:05:07]} Reg8 {[%clk
00:27:52]} {[%emt 00:01:22]} 33. Qd2 {[%clk 01:00:15]} {[%emt 00:02:22]} Rf8
{[%clk 00:25:55]} {[%emt 00:02:27]} 34. Be4 {[%clk 00:55:16]} {[%emt 00:05:29]}
Nxh4 {[%clk 00:20:43]} {[%emt 00:05:43]} 35. Rxh4 {[%clk 00:55:37]} {[%emt
00:00:09]} c6 {[%clk 00:19:57]} {[%emt 00:01:17]} 36. b4 {[%clk 00:53:41]}
{[%emt 00:02:25]} d5 {[%clk 00:19:21]} {[%emt 00:01:07]} 37. bxc5 {[%clk
00:53:53]} {[%emt 00:00:18]} dxe4 {[%clk 00:19:24]} {[%emt 00:00:25]} 38. cxb6
{[%clk 00:54:16]} {[%emt 00:00:09]} exf3 {[%clk 00:19:27]} {[%emt 00:00:26]}
39. bxa7+ {[%clk 00:54:25]} {[%emt 00:00:21]} Kxa7 {[%clk 00:19:36]} {[%emt
00:00:22]} 40. Qa5+ {[%clk 00:54:41]} {[%emt 00:00:14]} Kb8 {[%clk 00:19:38]}
{[%emt 00:00:28]} 41. Qe5+ {[%clk 00:54:21]} {[%emt 00:00:49]} Ka7 {[%clk
00:19:40]} {[%emt 00:00:28]} 42. Ra4+ {[%clk 00:54:40]} {[%emt 00:00:12]} Kb6
{[%clk 00:19:52]} {[%emt 00:00:18]} 43. Qa5# {[%clk 00:55:07]} {[%emt
00:00:03]} 1-0

[Event "ODJM C 2025"]
[Site "Willingen GER"]
[Date "2025.06.12"]
[Round "7"]
[White "Dimitrov, Pavel"]
[Black "Kähling, Fiete"]
[Result "1-0"]
[Termination "normal"]
[Board "28"]
[WhiteElo "1011"]
[BlackElo "835"]
[WhiteClock "01:19:53"]
[BlackClock "00:16:19"]
[PlyCount "65"]
[WhiteFideId "533028206"]
[BlackFideId "533046700"]
[EventCountry "GER"]
[EventRounds "9"]
[EventType "swiss"]
[EventDate "2025.06.07"]

1. e4 {[%clk 01:30:56]} {[%emt 00:00:02]} e5 {[%clk 01:30:55]} {[%emt
00:00:05]} 2. Nf3 {[%clk 01:31:18]} {[%emt 00:00:09]} Nc6 {[%clk 01:31:19]}
{[%emt 00:00:07]} 3. Bc4 {[%clk 01:31:33]} {[%emt 00:00:14]} h6 {[%clk
01:30:59]} {[%emt 00:00:51]} 4. c3 {[%clk 01:31:51]} {[%emt 00:00:12]} d6
{[%clk 01:16:55]} {[%emt 00:14:35]} 5. O-O {[%clk 01:31:10]} {[%emt 00:01:10]}
Nf6 {[%clk 01:16:51]} {[%emt 00:00:34]} 6. Re1 {[%clk 01:31:29]} {[%emt
00:00:08]} Be6 {[%clk 01:11:27]} {[%emt 00:05:56]} 7. Bxe6 {[%clk 01:31:41]}
{[%emt 00:00:17]} fxe6 {[%clk 01:11:52]} {[%emt 00:00:06]} 8. d4 {[%clk
01:31:50]} {[%emt 00:00:20]} exd4 {[%clk 01:06:58]} {[%emt 00:05:25]} 9. cxd4
{[%clk 01:32:08]} {[%emt 00:00:12]} e5 {[%clk 01:03:05]} {[%emt 00:04:23]} 10.
d5 {[%clk 01:31:58]} {[%emt 00:00:39]} Ne7 {[%clk 01:00:38]} {[%emt 00:02:57]}
11. Nc3 {[%clk 01:32:06]} {[%emt 00:00:22]} Qd7 {[%clk 00:59:18]} {[%emt
00:01:51]} 12. Qd3 {[%clk 01:31:59]} {[%emt 00:00:34]} a6 {[%clk 00:58:54]}
{[%emt 00:00:57]} 13. Be3 {[%clk 01:31:12]} {[%emt 00:01:16]} O-O-O {[%clk
00:53:58]} {[%emt 00:05:28]} 14. b4 {[%clk 01:31:21]} {[%emt 00:00:19]} c6
{[%clk 00:38:44]} {[%emt 00:15:46]} 15. dxc6 {[%clk 01:31:00]} {[%emt
00:00:51]} Qxc6 {[%clk 00:37:05]} {[%emt 00:02:09]} 16. Rac1 {[%clk 01:30:23]}
{[%emt 00:01:03]} Qd7 {[%clk 00:35:52]} {[%emt 00:01:46]} 17. Nd5+ {[%clk
01:28:31]} {[%emt 00:02:22]} Kb8 {[%clk 00:35:28]} {[%emt 00:00:54]} 18. Nxe7
{[%clk 01:26:07]} {[%emt 00:02:53]} Bxe7 {[%clk 00:35:33]} {[%emt 00:00:26]}
19. Rb1 {[%clk 01:25:58]} {[%emt 00:00:38]} Rc8 {[%clk 00:31:18]} {[%emt
00:04:45]} 20. b5 {[%clk 01:23:37]} {[%emt 00:02:51]} axb5 {[%clk 00:31:37]}
{[%emt 00:00:13]} 21. Rxb5 {[%clk 01:23:33]} {[%emt 00:00:32]} Qc7 {[%clk
00:28:16]} {[%emt 00:03:50]} 22. Reb1 {[%clk 01:23:22]} {[%emt 00:00:42]} Nd7
{[%clk 00:23:49]} {[%emt 00:04:58]} 23. Rxb7+ {[%clk 01:23:21]} {[%emt
00:00:31]} Qxb7 {[%clk 00:24:15]} {[%emt 00:00:04]} 24. Rxb7+ {[%clk 01:23:35]}
{[%emt 00:00:15]} Kxb7 {[%clk 00:24:39]} {[%emt 00:00:07]} 25. Qb5+ {[%clk
01:23:06]} {[%emt 00:00:55]} Kc7 {[%clk 00:24:30]} {[%emt 00:00:42]} 26. Qa5+
{[%clk 01:23:14]} {[%emt 00:00:22]} Kc6 {[%clk 00:24:06]} {[%emt 00:00:55]} 27.
Qd5+ {[%clk 01:22:45]} {[%emt 00:00:56]} Kc7 {[%clk 00:23:16]} {[%emt
00:01:24]} 28. Nd2 {[%clk 01:21:49]} {[%emt 00:01:23]} Kd8 {[%clk 00:23:23]}
{[%emt 00:00:26]} 29. g3 {[%clk 01:21:32]} {[%emt 00:00:45]} Rc1+ {[%clk
00:20:54]} {[%emt 00:03:00]} 30. Kg2 {[%clk 01:21:22]} {[%emt 00:00:39]} Bf6
{[%clk 00:17:58]} {[%emt 00:03:27]} 31. Nc4 {[%clk 01:21:10]} {[%emt 00:00:40]}
Rc2 {[%clk 00:16:59]} {[%emt 00:01:32]} 32. Nxd6 {[%clk 01:21:16]} {[%emt
00:00:22]} Kc7 {[%clk 00:16:19]} {[%emt 00:01:11]} 33. a4 {[%clk 01:19:53]}
{[%emt 00:01:53]} 1-0

[Event "ODJM C 2025"]
[Site "Willingen GER"]
[Date "2025.06.12"]
[Round "7"]
[White "Stepanjan, Gurgen"]
[Black "Prokscha, Kilian"]
[Result "0-1"]
[Termination "normal"]
[Board "29"]
[WhiteElo "751"]
[BlackElo "970"]
[WhiteClock "01:24:22"]
[BlackClock "01:07:45"]
[PlyCount "54"]
[WhiteFideId "34655280"]
[BlackFideId "533002843"]
[EventCountry "GER"]
[EventRounds "9"]
[EventType "swiss"]
[EventDate "2025.06.07"]

1. e4 {[%clk 01:30:52]} {[%emt 00:00:07]} c6 {[%clk 01:30:30]} {[%emt
00:00:31]} 2. d4 {[%clk 01:31:16]} {[%emt 00:00:06]} d5 {[%clk 01:30:02]}
{[%emt 00:00:57]} 3. Nc3 {[%clk 01:31:37]} {[%emt 00:00:09]} dxe4 {[%clk
01:29:44]} {[%emt 00:00:49]} 4. Nxe4 {[%clk 01:31:53]} {[%emt 00:00:14]} Bf5
{[%clk 01:29:12]} {[%emt 00:01:01]} 5. Ng3 {[%clk 01:31:51]} {[%emt 00:00:33]}
Bg6 {[%clk 01:27:52]} {[%emt 00:01:49]} 6. Nf3 {[%clk 01:32:00]} {[%emt
00:00:21]} Nf6 {[%clk 01:26:43]} {[%emt 00:01:39]} 7. Ne5 {[%clk 01:31:27]}
{[%emt 00:01:05]} Nbd7 {[%clk 01:24:55]} {[%emt 00:02:17]} 8. Nxg6 {[%clk
01:31:40]} {[%emt 00:00:17]} hxg6 {[%clk 01:24:37]} {[%emt 00:00:47]} 9. Bg5
{[%clk 01:31:42]} {[%emt 00:00:29]} e6 {[%clk 01:23:59]} {[%emt 00:01:08]} 10.
Ne4 {[%clk 01:28:48]} {[%emt 00:03:24]} Be7 {[%clk 01:23:35]} {[%emt 00:00:53]}
11. Qf3 {[%clk 01:28:01]} {[%emt 00:01:17]} Nxe4 {[%clk 01:22:37]} {[%emt
00:01:28]} 12. Bxe7 {[%clk 01:28:22]} {[%emt 00:00:09]} Qxe7 {[%clk 01:22:23]}
{[%emt 00:00:45]} 13. Qxe4 {[%clk 01:28:40]} {[%emt 00:00:12]} Qb4+ {[%clk
01:21:24]} {[%emt 00:01:29]} 14. c3 {[%clk 01:26:22]} {[%emt 00:01:12]} Qxb2
{[%clk 01:21:00]} {[%emt 00:02:28]} 15. Rb1 {[%clk 01:26:09]} {[%emt 00:00:42]}
Qxc3+ {[%emt 00:01:13]} 16. Kd1 {[%clk 01:26:11]} {[%emt 00:00:24]} Nf6 {[%clk
01:17:50]} {[%emt 00:03:04]} 17. Qc2 {[%clk 01:26:20]} {[%emt 00:00:20]} Qxd4+
{[%clk 01:17:41]} {[%emt 00:00:39]} 18. Qd3 {[%clk 01:26:40]} {[%emt 00:00:10]}
Qa4+ {[%clk 01:17:42]} {[%emt 00:00:30]} 19. Qc2 {[%clk 01:24:24]} {[%emt
00:01:46]} O-O-O+ {[%clk 01:16:22]} {[%emt 00:02:50]} 20. Kc1 {[%clk 01:24:26]}
{[%emt 00:00:28]} Qxc2+ {[%clk 01:15:33]} {[%emt 00:01:19]} 21. Kxc2 {[%clk
01:24:54]} {[%emt 00:00:02]} Ne4 {[%clk 01:15:31]} {[%emt 00:00:32]} 22. f3
{[%clk 01:24:29]} {[%emt 00:00:54]} Nf2 {[%clk 01:13:45]} {[%emt 00:02:16]} 23.
Rg1 {[%clk 01:23:54]} {[%emt 00:01:05]} Rxh2 {[%clk 01:10:40]} 24. g4 {[%clk
01:24:08]} {[%emt 00:03:51]} Nh3+ {[%clk 01:10:51]} {[%emt 00:00:19]} 25. Rg2
{[%clk 01:24:12]} {[%emt 00:00:26]} Rxg2+ {[%clk 01:08:35]} {[%emt 00:02:46]}
26. Bxg2 {[%clk 01:24:13]} {[%emt 00:00:27]} Nf4 {[%clk 01:08:01]} {[%emt
00:01:06]} 27. Bf1 {[%clk 01:24:22]} {[%emt 00:00:19]} a6 {[%clk 01:07:45]}
{[%emt 00:00:49]} 0-1